|
|
|
|
| LEADER |
00997nam a2200301 a 4500 |
| 001 |
7809 |
| 003 |
BD-DhAAL |
| 005 |
20151201180259.0 |
| 008 |
151201s1996 nyu 000 1 eng |
| 010 |
|
|
|a 96013872
|
| 020 |
|
|
|a 0099410214
|
| 020 |
|
|
|a 0385472943
|
| 020 |
|
|
|a 0385480164 (ltd. ed.)
|
| 020 |
|
|
|a 0385480156 (large print)
|
| 040 |
|
|
|a DLC
|c DLC
|d OCJ
|d C#P
|d MYG
|d BD-DhAAL
|
| 050 |
0 |
0 |
|a PS3557.R5355
|b R8 1996
|
| 082 |
0 |
0 |
|a 813/.54
|2 20
|
| 100 |
1 |
|
|a Grisham, John.
|9 16562
|
| 245 |
1 |
4 |
|a The runaway jury /
|c John Grisham.
|
| 250 |
|
|
|a 1st ed.
|
| 260 |
|
|
|a New York :
|b Doubleday,
|b Arrow,
|c c1996.
|
| 300 |
|
|
|a 484 p. ;
|c 18 cm.
|
| 650 |
|
0 |
|a Trials (Products liability)
|v Fiction.
|9 16563
|
| 650 |
|
0 |
|a Jury
|v Fiction.
|9 16564
|
| 655 |
|
7 |
|a Legal stories.
|2 gsafd
|9 16565
|
| 942 |
|
|
|2 ddc
|c BK
|
| 999 |
|
|
|c 36327
|d 36327
|
| 952 |
|
|
|0 0
|1 0
|2 ddc
|4 0
|6 813_000000000000000__54_GRI
|7 0
|9 57119
|a SCL
|b SCL
|c GEN
|d 2015-12-01
|e Gift:
|l 5
|m 13
|o 813.54 GRI
|p 3020007809
|r 2018-10-08
|s 2018-09-30
|t 1
|w 2015-12-01
|y BK
|